000 00949cad a22002175a 4500
001 L157330
008 121019s2012 xxk f 000 0 eng d
035 _a(Sirsi) u157330
041 0 _aeng
110 2 _aKnight Frank
_91530
245 0 0 _aEmerging markets bolster prime rental index[helectronic resource]
260 _c2012
490 0 _aKnight Frank Prime Global Rental Index
_v2Qr 2012
520 _aPrime rents in key cities worldwide rose by 1% in 2Q 2012 and 2.4% year on year. Rental growth is strongest in the emerging markets whilst the European markets are showing signs of fragility. Ranks top 16 global locations for rental growth.
590 _aKA NTK
651 4 _aInternational
690 _aResidential property
_96266
690 _aCommercial property
_96227
856 4 0 _uhttps://my.knightfrank.com/research-reports/prime-global-rental-index.aspx
_zView the item free of charge from the www.knightfrank.com
942 _n0
999 _c114724
_d114724